000 00632nmc a2200265 a 4500
003 AR-BaBNM
005 20251128204251.0
008 237119s1983 ||||||||||||||000 | spa||
040 _cAR-BaBNM
100 1 _aFabbri, Luce
245 1 0 _aEl anarquismo
_bmás allá de la Democracia
260 _aBuenos Aires
_bReconstruir
_c1983
300 _a59 p.
490 0 _aRadar
650 4 _aTEORIA DEL ESTADO
650 4 _aHISTORIA
650 4 _aSOCIALISMO
650 4 _aCOLECTIVISMO
650 4 _aANARQUISMO
650 4 _aDEMOCRACIA
650 4 _aCIENCIAS POLITICAS
650 4 _aREFORMA
942 _cBK
998 _cmariana
999 _c6782
_d6782